| 000 | 00397nam a22001577a 4500 | ||
|---|---|---|---|
| 999 |
_c57826 _d57826 |
||
| 005 | 20210629141008.0 | ||
| 008 | 201224c2020 fr ||||| |||| 00| 0 fre d | ||
| 041 | _afre | ||
| 245 |
_aLe Point. _b |
||
| 260 |
_aParis, _c2020. |
||
| 300 | _aV. | ||
| 653 | _aLe Point | ||
| 653 | _aპოპულარული ჟურნალი | ||
| 653 | _aპერიოდიკა | ||
| 942 |
_2udc _cCR |
||